Uudenmaan naapurikunnat - Statistics

Yleistilastot
  • Tätä visaa on pelattu 18 kertaa
  • Keskiarvotulos 7 / 12
Vastaustilastot
Kunta % Oikein
Salo
100%
Riihimäki
80%
Kouvola
67%
Orimattila
67%
Kärkölä
53%
Hausjärvi
47%
Iitti
47%
Loppi
47%
Tammela
47%
Pyhtää
40%
Somero
40%
Kemiönsaari
33%
Ehtoja vastaavia visoja ei löytynyt
Tulosjakauma
Jokaisen tuloksen saaneiden osuus
Persentiili vastausten määrän mukaan
Tuloshistoriasi
Et ole pelannut tätä visaa